00342nam a22001217a 450000500170000000800410001704000070005804100120006508200210007724500480009826000460014670000280019220230626162058.0230626b ||||| |||| 00| 0 eng d cAL aEnglish 223a050/59bGOVK aKarnataka state gazetteer: Shimoga district aBangalorebGovernment Of Karnataka c1975 aGOVERNMENT OF KARNATAKA